5G Non-Terrestrial Networks (Record no. 370404)
[ view plain ]
| 000 -LEADER | |
|---|---|
| fixed length control field | 00393 a2200145 4500 |
| 005 - DATE AND TIME OF LATEST TRANSACTION | |
| control field | 20260312112701.0 |
| 008 - FIXED-LENGTH DATA ELEMENTS--GENERAL INFORMATION | |
| fixed length control field | 260312b |||||||| |||| 00| 0 eng d |
| 020 ## - INTERNATIONAL STANDARD BOOK NUMBER | |
| International Standard Book Number | 9781119891154 |
| 041 ## - LANGUAGE CODE | |
| Language code of text/sound track or separate title | English |
| 100 ## - MAIN ENTRY--PERSONAL NAME | |
| Author | Vanelli-Coralli A. |
| 245 ## - TITLE STATEMENT | |
| Title | 5G Non-Terrestrial Networks |
| Remainder of title | : Technologies, Standards, And System Design |
| 260 ## - PUBLICATION, DISTRIBUTION, ETC. | |
| Name of publisher, distributor, etc. | WILLY |
| Date of publication, distribution, etc. | 2024 |
| 300 ## - PHYSICAL DESCRIPTION | |
| Extent | 300 |
| 942 ## - ADDED ENTRY ELEMENTS (KOHA) | |
| Koha item type | Article |
| Withdrawn status | Lost status | Source of classification or shelving scheme | Damaged status | Not for loan | Home library | Current library | Date acquired | Vendor | Net Price | Total Checkouts | Full call number | Barcode | Date last seen | Actual Price | Bill Date | Koha item type |
|---|---|---|---|---|---|---|---|---|---|---|---|---|---|---|---|---|
| Dewey Decimal Classification | Cummins College of Engineering for Women Pune | Cummins College of Engineering for Women Pune | 13/02/2026 | 87 | 10273.45 | 621.38456 VAN | CCEP-BK-70366 | 13/02/2026 | 13697.93 | 13/02/2026 | Books | |||||
| Dewey Decimal Classification | Reference | Cummins College of Engineering for Women Pune | Cummins College of Engineering for Women Pune | 11/02/2026 | 87 | 10273.45 | 621.38456 VAN | CCEP-BK-70355 | 11/02/2026 | 13697.93 | 11/02/2026 | Books |